Statistiques concernant Les plus grandes villes des Alpes sur une carte

Cliquez ici pour prendre le quiz!

Statistiques générales

  • Ce quiz a été pris 4 119 fois
  • Le résultat moyen est 8 sur 20

Réponses sur la Carte

Les réponses sont colorées sur une échelle allant du rouge au vert en fonction du pourcentage des utilisateurs qui les ont devinées à leur premier essai. Vous pouvez retrouver ces pourcentages ci-dessous.
 

Statistiques - réponses

PaysPopulationAgglomération% Correct
Suisse926kGenève
92%
France606kNice
88%
Monaco108kMonaco/Menton
86%
France451kGrenoble
84%
France176kAnnecy
79%
France190kChambéry
68%
Autriche230kSalzbourg
50%
Autriche229kInnsbruck
44%
Autriche348kGraz
30%
Suisse180kLugano
29%
Suisse233kLucerne
28%
Suisse168kSaint-Gall
23%
Italie240kTrente
19%
Slovénie322kMaribor
18%
Italie199kBolzano
17%
Suisse133kZoug
13%
Autriche167kBrégence
12%
Autriche115kKlagenfurt
12%
Autriche113kFeldkirch
7%
Allemagne162kRosenheim
7%

Distribution des résultats

Percentile par nombre de réponses

% des personnes avec chaque résultat

Votre développement - résultats

Vous n’avez pas pris ce quiz